|
|
|
|
| LEADER |
00695cam a2200217ua 4500 |
| 008 |
060815t2002||||||||||| 001 ||eng c |
| 020 |
|
|
|a 81-7808-268-3
|
| 041 |
0 |
|
|a eng
|
| 082 |
|
|
|a 004.22
|b CAR/C
|
| 100 |
0 |
|
|a Carpinelli,, John D.
|
| 245 |
1 |
0 |
|a Computer systems: Organization and architecture /
|
| 260 |
|
|
|a Delhi:
|b Pearson Education Inc.,
|c 2002.
|
| 300 |
|
|
|a xxiii, 584p..
|
| 362 |
1 |
|
|a 2002.
|
| 365 |
|
|
|a Rs.295/-
|e PB
|
| 500 |
|
|
|a Includes bibliographies and index.
|
| 504 |
|
|
|a .
|
| 650 |
0 |
|
|a Computer science
|
| 942 |
|
|
|c BK
|
| 999 |
|
|
|c 11724
|d 11724
|
| 952 |
|
|
|0 0
|1 0
|4 0
|6 004_220000000000000_CAR
|7 0
|9 12226
|a KUCL
|b KUCL
|d 2014-05-23
|l 1
|o 004.22 CAR/
|p 13601
|r 2015-06-20
|s 2015-05-23
|w 2014-05-23
|y BK
|